Sports Quiz

Random Sports or NFL Quiz

NFL Top 50 Rushers Since 2000 Quiz Stats

 Plays Quiz not verified by Sporcle

Challenge
Share
Tweet
Embed
Score 0/50 Timer 07:00
0 Plays Today
Rushing Yards Player % Correct
13,684LaDainian Tomlinson
99.4%
10,135*Steven Jackson
98.2%
8,849*Adrian Peterson
98.2%
4,231*Fred Jackson
98.2%
8,839*Frank Gore
97.5%
10,591Thomas Jones
97%
6,888*Chris Johnson
96.9%
5,068Julius Jones
96.9%
6,223Larry Johnson
96.8%
5,979Rudi Johnson
96.7%
10,693Edgerrin James
95.7%
10,607Jamal Lewis
95.7%
9,514Tiki Barber
95.5%
9,125Ricky Williams
95.3%
5,784*DeAngelo Williams
95.3%
4,780Marion Barber
95.3%
7,268*Maurice Jones-Drew
94.9%
7,338*Michael Turner
94.2%
9,923Clinton Portis
93.7%
5,520*Ray Rice
93.7%
4,521*Arian Foster
92.8%
9,453Shaun Alexander
92.6%
6,132*Marshawn Lynch
92.4%
8,876Ahman Green
91.6%
5,199Jerome Bettis
91%
Rushing Yards Player % Correct
5,578Marshall Faulk
90.6%
5,327*Matt Forte
90.5%
4,232*Ahmad Bradshaw
90.5%
8,097*Willis McGahee
89.7%
4,536*Jamaal Charles
89.3%
9,740Fred Taylor
88.8%
4,740Chester Taylor
88.6%
7,782Corey Dillon
88.5%
7,551Curtis Martin
87.7%
6,658Priest Holmes
87.1%
6,335Brian Westbrook
86.6%
4,856*Brandon Jacobs
86.4%
8,347Warrick Dunn
86.1%
5,378Willie Parker
82.3%
4,453Joseph Addai
82.1%
4,392Emmitt Smith
79.4%
4,303Antowain Smith
79.2%
6,017*Cedric Benson
79.1%
6,096Deuce McAllister
73.5%
5,551*Michael Vick
73.4%
5,832Stephen Davis
69.8%
5,171*Ronnie Brown
69.1%
5,076Eddie George
65.1%
6,086Travis Henry
61.6%
5,247Michael Pittman
28.3%

You're not logged in!

Compare scores with friends on all Sporcle quizzes.
Join for Free
OR
Log In

You Might Also Like...

Show Comments

Extras

Top Quizzes Today


Score Distribution

Your Account Isn't Verified!

In order to create a playlist on Sporcle, you need to verify the email address you used during registration. Go to your Sporcle Settings to finish the process.

Report this User

Report this user for behavior that violates our Community Guidelines.

Details: